00723nam a2200205Ia 4500952013300000999001700133003000400150005001700154008004100171020001800212040000900230082001800239100002700257245010500284250001200389260004600401300000900447650001900456942004200475 00102ddc40708PHYSICSaMESbMEScPHYd2019-02-20g295.00l0o530.11 MOO/Sp37548r2019-02-20 00:00:00w2019-02-20yBKzGL11R2 c34560d34560OSt20200911154810.0190216s9999||||xx |||||||||||||| ||und|| a9781259097102 coclc a530.11bMOO/S aMoore, Thomas A 94462 0aSix Ideas That Shaped Physics:bUnit R - The Laws of Physics Are Frame Independent /cThomas A Moore a2nd Ed. bMcGraw Hill Education,c2013.aNew Delhi: a213p aModern Physics cBK2ddch530.11iMOO/Sk530.11mMOO/S